000 00357 a2200169 4500
001 70096
020 _a8526238620
040 _cAnchieta - Itaigara
100 _aBraz, Júlio Emílio
240 1 0 _aPollyanna
_lpor
245 1 0 _aPollyanna
300 _a48
362 0 _a2005
440 1 _aScipione
650 4 _aLiteratura infanto-juvenil
942 _cBK
999 _c70096
_d70096